| 000 | 00645nam a22001817a 4500 | ||
|---|---|---|---|
| 008 | 220222b |||||||| |||| 00| 0 eng d | ||
| 022 | _a0376-7655 | ||
| 100 | _e----- | ||
| 245 |
_aAlcohol Prevention Strategies. _c----- |
||
| 260 |
_aKingston, Jamaica. _bUniversity of the West Indies. _c2010. |
||
| 300 |
_a59-65pp.: ill.; _b(part col.). _c24cm. |
||
| 310 | _aQuarterly. | ||
| 440 |
_aCajanus. _nNo. 2 _vVol. |
||
| 500 | _aAlcohol has become on of the most significant risks to health globally. | ||
| 521 | _bCopyright. Caribbean Food and Nutrition Institute. http//www.paho/cfni.org. | ||
| 690 | _bAlcohol; Alcoholism. | ||
| 942 |
_2ddc _cSERS |
||
| 999 |
_c18407 _d18405 |
||